on one tonight - Gunna (Full lyrics) - Statistics

General Stats
  • This quiz has been taken 14 times
  • The average score is 199 of 324
Answer Stats
Answer % Correct
a
100%
ah,
100%
I
100%
oh
100%
the
100%
The
100%
to
100%
face
91%
fall
91%
hope
91%
huh
91%
left,
91%
left
91%
no
91%
of
91%
on
91%
P,
91%
rainbow
91%
right,
91%
right
91%
they
91%
They
91%
Yeah,
91%
yeah
91%
Yeah
91%
yeah,
91%
200K,
82%
ain't
82%
Ain't
82%
be
82%
but
82%
frost
82%
got
82%
'ight,
82%
I'm
82%
in
82%
in,
82%
me
82%
me,
82%
might
82%
niggas
82%
Niggas
82%
off,
82%
okay
82%
one
82%
put
82%
sold
82%
way
82%
we
82%
went
82%
when
82%
with
82%
and
73%
AP,
73%
God
73%
like
73%
long
73%
my
73%
My
73%
Range
73%
that—
73%
that
73%
That
73%
ahead
64%
been
64%
biker,
64%
crack,
64%
day
64%
determine
64%
fate
64%
foot
64%
game
64%
gon'
64%
hatin'
64%
human
64%
jet
64%
Lil'
64%
lil'
64%
lil'-
64%
loafers,
64%
Margiela
64%
middle
64%
pedal
64%
pop
64%
shit
64%
smoke
64%
Spend
64%
spent
64%
spit
64%
Talking
64%
this
64%
tonight
64%
too
64%
Too
64%
You
64%
you
64%
bitch
55%
drained
55%
lace
55%
lips,
55%
love
55%
mommy
55%
run
55%
better
45%
big-
45%
body
45%
bought
45%
Dressed
45%
dressed
45%
flame
45%
frame
45%
get
45%
Get
45%
light,
45%
light
45%
Spain
45%
step
45%
suck
45%
'til
45%
title,
45%
Across
36%
at
36%
black
36%
Greece,
36%
grown,
36%
it
36%
lighter,
36%
mental
36%
night
36%
out
36%
rappers
36%
rockin'
36%
sea,
36%
she
36%
She
36%
straight
36%
blue
27%
copying
27%
'em
27%
fire,
27%
for
27%
keeping
27%
land
27%
nothin'
27%
say
27%
taking
27%
these
27%
These
27%
being
18%
boss,
18%
brain
18%
chips
18%
fans,
18%
five
18%
hate
18%
her
18%
kickin'
18%
know
18%
locked
18%
Mykonos,
18%
prep
18%
same
18%
shade
18%
some
18%
stayed
18%
stop
18%
top,
18%
top-
18%
trade
18%
up
18%
up,
18%
wanna
18%
was
18%
what
18%
Benz,
9%
Bluscotti,
9%
don't
9%
Don't
9%
drop,
9%
enticed
9%
Hatteras
9%
hundreds
9%
Made
9%
make
9%
man,
9%
mic'
9%
minimum
9%
more
9%
paid
9%
Pass
9%
play
9%
Pulled
9%
race
9%
really
9%
recite
9%
said
9%
still
9%
tempt
9%
than
9%
think
9%
Thrax,
9%
throwin'
9%
topper,
9%
trim,
9%
wage
9%
No matching quizzes found
Score Distribution
Percent of People with Each Score
Percentile by Number Answered
Your Score History
You have not taken this quiz